[Event "ISR-ch"]
[Site "Tel Aviv"]
[Date "1994.??.??"]
[Round "10"]
[White "Uritzky, Maxim"]
[Black "Maryasin, Boris Feliksovich"]
[Result "1/2-1/2"]
[WhiteElo "2365"]
[BlackElo "2330"]
[PlyCount "87"]
[EventDate "1994.10.??"]
[EventType "swiss"]
[EventRounds "11"]
[EventCountry "ISR"]
[SourceTitle "EXT 1997"]
[Source "ChessBase"]
[SourceDate "1996.11.15"]
[SourceVersion "1"]
[SourceVersionDate "1996.11.15"]
[SourceQuality "1"]

1. e4 c5 2. Nc3 Nc6 3. g3 g6 4. Bg2 Bg7 5. d3 d6 6. Be3 Nd4 7. Qd2 Qa5 8. Rc1 Rb8 9. a3 Bd7 10. f4 b5 11. Nf3 e6 12. e5 dxe5 13. Nxe5 Nf6 14. b4 Qxa3 15. bxc5 Nf5 16. Bf2 0-0 17. Nb1 Qb2 18. 0-0 Be8 19. Nc3 b4 20. Ne2 Ba4 21. c6 Rfc8 22. Bxa7 Rb5 23. Bf2 h5 24. Nc4 Qa2 25. Nb6 Rxb6 26. Bxb6 Nd5 27. Bf2 Rxc6 28. Bxd5 Qxd5 29. Qxb4 Bxc2 30. Qe4 Qd7 31. h3 Bb2 32. Rxc2 Rxc2 33. g4 hxg4 34. hxg4 Nd6 35. Qf3 Nb5 36. f5 exf5 37. gxf5 Rc6 38. Bg3 Nd4 39. Nxd4 Bxd4+ 40. Kh1 Rf6 41. Qg4 Qd5+ 42. Qe4 Qd7 43. Kg2 Rxf5 44. Rxf5 1/2-1/2

[Event "ISR-ch"]
[Site "Tel Aviv"]
[Date "1994.??.??"]
[Round "5"]
[White "Uritzky, Maxim"]
[Black "Milov, Vadim"]
[Result "0-1"]
[WhiteElo "2365"]
[BlackElo "2590"]
[PlyCount "96"]
[EventDate "1994.10.??"]
[EventType "swiss"]
[EventRounds "11"]
[EventCountry "ISR"]
[SourceTitle "EXT 1997"]
[Source "ChessBase"]
[SourceDate "1996.11.15"]
[SourceVersion "1"]
[SourceVersionDate "1996.11.15"]
[SourceQuality "1"]

1. e4 c5 2. Nc3 Nc6 3. g3 g6 4. Bg2 Bg7 5. d3 d6 6. Be3 Nd4 7. h3 e6 8. Nge2 Ne7 9. 0-0 0-0 10. Nf4 Rb8 11. Kh1 b5 12. Qd2 b4 13. Nd1 e5 14. Ne2 f5 15. Nxd4 cxd4 16. Bg5 f4 17. f3 h6 18. Bxe7 Qxe7 19. g4 Bf6 20. c3 Bh4 21. cxd4 exd4 22. Nf2 h5 23. Kg1 Be6 24. Rfc1 Rfc8 25. b3 Rc3 26. Nd1 Qf6 27. Rc2 hxg4 28. hxg4 Kg7 29. Nxc3 dxc3 30. Qe2 Qd4+ 31. Kf1 Bd7 32. Rcc1 Bb5 33. Rd1 Rb7 34. a3 bxa3 35. Rxa3 Qc5 36. Ra2 Bf6 37. Rc2 Bd4 38. Ra1 Qb4 39. e5 Bxe5 40. Rca2 Qc5 41. Rd1 Re7 42. Qf2 Bd4 43. Qh4 Bf6 44. Qf2 Re3 45. g5 Bd4 46. Qh4 Rxd3 47. Rxd3 Bxd3+ 48. Ke1 c2 0-1